El guerrero de paz : (Record no. 27293)

MARC details
000 -LEADER
campo de control de longitud fija 00654ntaaa2200217 4500
003 - IDENTIFICADOR DE NÚMERO DE CONTROL
campo de control 01
005 - FECHA Y HORA DE LA ÚLTIMA TRANSACCIÓN
campo de control 20251027203200.0
008 - DATOS DE LONGITUD FIJA--INFORMACIÓN GENERAL
campo de control de longitud fija 0714s1973 ag 01
040 ## - FUENTE DE CATALOGACIÓN
Centro catalogador/agencia de origen AR-BaBN
Lengua de catalogación spa
Centro/agencia transcriptor AR-BaBN
Normas de descripción aacr
Centro/agencia modificador RIC
082 ## - NÚMERO DE LA CLASIFICACIÓN DECIMAL DEWEY
Número de clasificación 920 P41g
100 ## - ENTRADA PRINCIPAL--NOMBRE DE PERSONA
Nombre de persona Perez Perez, Lisardo Manuel
9 (RLIN) 33470
245 ## - MENCIÓN DEL TÍTULO
Título El guerrero de paz :
Resto del título Por América con la Biblia /
Mención de responsabilidad, etc. Lisardo Manuel Perez Perez
250 ## - MENCION DE EDICION
Mención de edición 1ª ed.
260 ## - PUBLICACIÓN, DISTRIBUCIÓN, ETC.
Lugar de publicación, distribución, etc. Buenos Aires,
Fecha de publicación, distribución, etc. 1969
300 ## - DESCRIPCIÓN FÍSICA
Extensión 260 p. ;
Dimensiones Ilust, 22.5 cm
500 ## - NOTA GENERAL
Nota general Contiene ilustraciones
650 ## - PUNTO DE ACCESO ADICIONAL DE MATERIA--TÉRMINO DE MATERIA
Término de materia o nombre geográfico como elemento de entrada BIBLIA-COLPORTORES
9 (RLIN) 33471
650 ## - PUNTO DE ACCESO ADICIONAL DE MATERIA--TÉRMINO DE MATERIA
Término de materia o nombre geográfico como elemento de entrada PEREZ. LISARDO-BIOGRAFIA
9 (RLIN) 33472
650 ## - PUNTO DE ACCESO ADICIONAL DE MATERIA--TÉRMINO DE MATERIA
Término de materia o nombre geográfico como elemento de entrada PEREZ, MANUEL-BIOGRAFIA
9 (RLIN) 33473
942 ## - ELEMENTOS DE ENTRADA SECUNDARIOS (KOHA)
Tipo de ítem Koha Colección General
Holdings
Estatus retirado Estado de pérdida Estado de daño No para préstamo Biblioteca de origen Biblioteca actual Fecha de adquisición Número de inventario Total de préstamos Signatura topográfica completa Código de barras Visto por última vez Precio de reemplazo Tipo de ítem Koha
        Biblioteca Pluis Biblioteca Pluis 27/10/2025 43151   920 P41g 43151 27/10/2025 27/10/2025 Colección General